Technical Change and Industrial Policy

Zapisane w:
Opis bibliograficzny
1. autor: Keith Chapman
Format: Książka
Język:Undetermined
Wydane: New York Basil Blackwell 1987
Hasła przedmiotowe:
Etykiety: Dodaj etykietę
Nie ma etykietki, Dołącz pierwszą etykiete!
Thư viện lưu trữ: Trung tâm Học liệu Trường Đại học Cần Thơ
LEADER 00538nam a2200193Ia 4500
001 CTU_85146
008 210402s9999 xx 000 0 und d
082 |a 338.9 
082 |b C465 
100 |a Keith Chapman 
245 0 |a Technical Change and Industrial Policy 
245 0 |c Keith Chapman and Graham Humphrys 
260 |a New York 
260 |b Basil Blackwell 
260 |c 1987 
650 |a Technological innovations 
650 |x Government policy 
904 |i Năm 
980 |a Trung tâm Học liệu Trường Đại học Cần Thơ